| 000 | 00842nam a22002417a 4500 | ||
|---|---|---|---|
| 999 |
_c15953 _d15953 |
||
| 003 | AR-CdUCM | ||
| 008 | 190430b ||||| |||| 00| 0 spa d | ||
| 040 |
_aMUNICIPALIDAD PROVINCIAL DEL CUSCO _cBIBLIOTECA MUNICIPAL DEL CUSCO |
||
| 082 |
_22ed. _a869.508 / _bM64 |
||
| 100 |
_aMiró, César _92173 |
||
| 245 | _aLa ciudad del río hablador / | ||
| 260 |
_aLima : _bNuevos rumbos, _c1959. |
||
| 300 |
_a93 páginas ; _c17 cm. |
||
| 505 | _aContenido: La ciudad del rió hablador -- Mio cid conquistador -- Historia del caballero sin tiempo -- Palinodia del parque de los garifos ... | ||
| 650 |
_aEnsayos peruanos _9233 |
||
| 650 |
_aEnsayos de costumbres _912066 |
||
| 650 |
_aPerú _935 |
||
| 650 |
_aLima _9231 |
||
| 650 |
_aSiglo XX. _98 |
||
| 700 |
_aBonilla Amado, José _96069 |
||
| 942 |
_2ddc _cLIBROS |
||
| 945 |
_apjha _d2019-05-03 |
||